UBT Library

Fighting poverty : (Record no. 41487)

000 -LEADER
fixed length control field 00637pam a2200229 a 4500
001 - CONTROL NUMBER
control field 498745
005 - DATE AND TIME OF LATEST TRANSACTION
control field 20180201042123.0
008 - FIXED-LENGTH DATA ELEMENTS--GENERAL INFORMATION
fixed length control field 850926s1986 maua b 101 0 eng
010 ## - LIBRARY OF CONGRESS CONTROL NUMBER
LC control number 85024848
020 ## - INTERNATIONAL STANDARD BOOK NUMBER
International Standard Book Number 0674300858 (alk. paper)
040 ## - CATALOGING SOURCE
Original cataloging agency DLC
Transcribing agency DLC
Modifying agency DLC
041 ## - LANGUAGE CODE
Language code of text/sound track or separate title eng
043 ## - GEOGRAPHIC AREA CODE
Geographic area code n-us---
080 ## - UNIVERSAL DECIMAL CLASSIFICATION NUMBER
Universal Decimal Classification number 362.5
082 00 - DEWEY DECIMAL CLASSIFICATION NUMBER
Classification number 362.5 DAN
Edition number 19
100 ## - Rafti
Rafti 19
101 ## - Shkurtesa
Shkurtesa SHP
245 00 - TITLE STATEMENT
Title Fighting poverty :
Statement of responsibility, etc edited by Sheldon H. Danziger and Daniel H. Weinberg.
504 ## - BIBLIOGRAPHY, ETC. NOTE
Bibliography, etc Bibliography: p. [359]-387.
906 ## - LOCAL DATA ELEMENT F, LDF (RLIN)
a 7
b cbc
c orignew
d 1
e ocip
f 19
g y-gencatlg
942 ## - ADDED ENTRY ELEMENTS (KOHA)
Source of classification or shelving scheme
Item type Books
Holdings
Withdrawn status Lost status Source of classification or shelving scheme Damaged status Not for loan Collection code Permanent location Current location Shelving location Date acquired Total Checkouts Full call number Barcode Date last seen Price effective from Koha item type
          Koleksioni i përgjithshem UBT - Lipjan UBT - Lipjan Koleksioni i përgjithshem 02/01/2018   362.5 DAN 002-2997655 02/01/2018 02/01/2018 Books
UBT Library © 2015-2024. All rights reserved University Education for Business and Technology